| 000 | 00751nam a2200205Ia 4500 | ||
|---|---|---|---|
| 005 | 20241129111321.0 | ||
| 008 | 241129s9999||||xx |||||||||||||| ||und|| | ||
| 037 | _aTB | ||
| 040 |
_aCRL _bhin _cCRL |
||
| 041 |
_ahin _2hin |
||
| 084 |
_aLBx3,1 152R3 _qCRL |
||
| 100 | _aवाग्भट, ले. | ||
| 245 | 0 |
_aअष्टाहृदय सम्पूर्ण: शिवशक्ति - सरल हिन्दी व्याख्या _cवाग्भट, ले. |
|
| 260 |
_aदिल्ली, भारत _bडी. पी. बी. पब्लिकेशन्स _c2023 |
||
| 300 | _a791पृ0 | ||
| 365 |
_aINR _b1000 |
||
| 650 |
_aAyurveda _9723183 |
||
| 942 |
_cTB _hLBx3,1 152R3 |
||
| 999 |
_c1229898 _d1229898 |
||